Le 15 premiers Fruit du Démon à être apparu dans One Piece - Statistiques

Statistiques générales
  • Ce quiz a été pris 74 fois
  • Le résultat moyen est 9 sur 15
Statistiques - réponses
15 premiers Fruits du Démon à être apparu % Correct
Fruit du Gum-Gum
93%
Fruit de la Fragmentation
84%
Fruit des Sables
84%
Fruit de l'Humain
76%
Ciro-Fruit
71%
Fruit Fumigène
64%
Fruit Kilo-Kilo
64%
Fruit Boum-Boum
58%
Fruit Glisse-Glisse
58%
Travesti Fruit
56%
Fruit du Glouton
51%
Fruit Tailladant
45%
Pyro-Fruit
45%
Fruit des Eclosions
42%
Fruit du Bovin Modèle Bison
22%
Aucun quiz correspondant
Distribution des résultats
% des personnes avec chaque résultat
Percentile par nombre de réponses
Votre historique - résultats
Vous n’avez pas pris ce quiz